| 000 | 00746nam a2200157Ia 4500 | ||
|---|---|---|---|
| 005 | 20250424120219.0 | ||
| 008 | 250424s9999 xx 000 0 und d | ||
| 022 | _aHC 1055 .Z7 A283/ | ||
| 050 | _aAEPB digest: a monthly publication of abuja environmental protection board | ||
| 245 | 0 | _aFCT, Abuja. | |
| 260 | _aAbuja Environmental Protection Board, FCT | ||
| 260 | _b2013 | ||
| 260 | _c11 p. :ill. ; 29 cm. | ||
| 300 | _aNigeria. Abuja Environmental Protection Board--Periodicals. Environmental policy--Nigeria--Abuja (Federal Capital Territory)--Periodicals. Environmental protection--Nigeria--Abuja (Federal Capital erritory)--Periodicals. Abuja (Federal Capital Territory, Nigeria)--Environmental conditions--Periodicals. | ||
| 650 | _aSR | ||
| 999 |
_c38034 _d38034 |
||